|
|
|
|
| LEADER |
00000nab a2200000 ar4500 |
| 001 |
vtls009465495 |
| 003 |
SK-MaSNL |
| 005 |
20260303053012.0 |
| 008 |
090126c19740413xo |r|p|||||||000 b|slo |
| 015 |
|
|
|a SNBRB1974
|
| 038 |
|
|
|a SNKBUCL
|
| 040 |
|
|
|a SNKBUCL
|b slo
|c SNKBUCL
|e AACR2
|
| 041 |
|
|
|a slo
|
| 044 |
|
|
|a xo
|c SK
|
| 080 |
|
|
|a 730.071.1
|2 1997
|
| 100 |
1 |
|
|a Trančíková, Eva
|4 aut
|9 953820
|
| 245 |
1 |
0 |
|a Povedať životu - áno
|c Eva Trančíková
|
| 300 |
|
|
|b Obr.
|
| 600 |
1 |
7 |
|a Kiss, Sándor,
|d 1932-
|2 snkbucl
|9 1044937
|
| 773 |
0 |
|
|t Pravda
|g (13.4.1974), s. 5
|
| 852 |
|
|
|a SNK
|b KIS3GCP
|
| 958 |
|
|
|a BC
|
| 999 |
|
|
|c 1717439
|d 1719369
|